000 00396nam a22001577a 4500
003 SGT
020 _a9789388305396
082 _a614.7
_bP24M
100 _aMANOHARACHARY,C.
245 _aPRINCIPLES OF ENVIRONMENTAL STUDIES
260 _aHYDERABAD
_bBS PUBLICATION
_c2024
300 _a399
650 _aENVIRONMENTAL STUDIES
653 _aPRINCIPLES, ENVIRONMENTAL , STUDIES
942 _2ddc
_cBK
999 _c26948
_d26948